[Event "XIV American Continental-ch 2019"]
[Site "Sao Paulo"]
[Date "2019.07.13"]
[Round "11.7"]
[White "Mecking, Henrique"]
[Black "Perdomo, Leandro"]
[Result "1/2-1/2"]
[WhiteElo "2576"]
[BlackElo "2468"]
[Annotator "ChessBase"]
[PlyCount "96"]
[EventDate "2019.07.05"]
[EventType "swiss"]
[EventCountry "BRA"]
[SourceTitle "playchess.com"]
[Source "ChessBase"]
[SourceQuality "1"]
[TimeControl "40/5400+30:1800+30"]

1. d4 {[%emt 0:15:30]} Nf6 {[%emt 0:00:00]} 2. c4 {[%emt 0:00:17]} g6 {[%emt 0:00:00]} 3. Nc3 {[%emt 0:00:06]} Bg7 {[%emt 0:00:00]} 4. e4 {[%emt 0:00:15]} d6 {[%emt 0:00:00]} 5. f3 {[%emt 0:00:07]} O-O {[%emt 0:00:00]} 6. Be3 {[%emt 0:00:03]} Nbd7 {[%emt 0:03:52]} 7. Qd2 {[%emt 0:01:16]} c5 {[%emt 0:00:41]} 8. d5 {[%emt 0:01:26]} Ne5 {[%emt 0:00:21]} 9. Bg5 {[%emt 0:01:23]} a6 {[%emt 0:00:32]} 10. f4 {[%emt 0:00:58]} Ned7 {[%emt 0:00:06]} 11. Nf3 {[%emt 0:12:21]} b5 {[%emt 0:00:56]} 12. cxb5 {[%emt 0:01:44]} Qa5 {[%emt 0:00:22]} 13. e5 {[%emt 0:08:13]} Re8 {[%emt 0:00:22]} 14. Be2 {[%emt 0:04:02]} axb5 {[%emt 0:02:00]} 15. Nxb5 {[%emt 0:07:49]} Nxd5 {[%emt 0:33:17]} 16. Rd1 {[%emt 0:09:25]} N7b6 {[%emt 0:24:36]} 17. exd6 {[%emt 0:04:08]} exd6 {[%emt 0:00:58]} 18. Nxd6 {[%emt 0:04:07]} Ba6 {[%emt 0:21:50]} 19. Nxe8 {[%emt 0:02:05]} Rxe8 {[%emt 0:01:34]} 20. Ne5 {[%emt 0:14:51]} Qxd2+ {[%emt 0:01:48]} 21. Rxd2 {[%emt 0:00:06]} Bxe2 {[%emt 0:00:03]} 22. Rxe2 {[%emt 0:00:12]} f6 {[%emt 0:00:19]} 23. Nd3 {[%emt 0:01:08]} Rxe2+ {[%emt 0:00:15]} 24. Kxe2 {[%emt 0:00:03]} fxg5 {[%emt 0:00:28]} 25. Nxc5 {[%emt 0:00:50]} Nxf4+ {[%emt 0:01:05]} 26. Kf3 {[%emt 0:00:37]} Bxb2 {[%emt 0:00:46]} 27. a4 {[%emt 0:04:23]} Nc4 {[%emt 0:01:28]} 28. Rd1 {[%emt 0:01:41]} Ba3 {[%emt 0:02:12]} 29. g3 {[%emt 0:02:24]} Bxc5 {[%emt 0:02:06]} 30. gxf4 {[%emt 0:00:03]} gxf4 {[%emt 0:01:13]} 31. Rc1 {[%emt 0:01:57]} Ne5+ {[%emt 0:01:27]} 32. Ke4 {[%emt 0:00:07]} Nd7 {[%emt 0:00:05]} 33. Rd1 {[%emt 0:00:35]} Nf6+ {[%emt 0:01:13]} 34. Kxf4 {[%emt 0:00:10]} Bb4 {[%emt 0:00:29]} 35. h3 {[%emt 0:00:15]} Kf7 {[%emt 0:00:17]} 36. Ra1 {[%emt 0:00:59]} Bd2+ {[%emt 0:00:32]} 37. Kf3 {[%emt 0:00:06]} Ba5 {[%emt 0:00:15]} 38. Rb1 {[%emt 0:00:05]} Ke6 {[%emt 0:00:54]} 39. Rb5 {[%emt 0:00:09]} Bc7 {[%emt 0:00:35]} 40. a5 {[%emt 0:00:11]} Nd7 {[%emt 0:00:26]} 41. a6 {[%emt 0:30:25]} Bb6 {[%emt 0:02:50]} 42. Rb2 {[%emt 0:00:00]} Kd6 {[%emt 0:02:37]} 43. Kf4 {[%emt 0:00:00]} Kc6 {[%emt 0:11:45]} 44. Ra2 {[%emt 0:00:00]} Ba7 {[%emt 0:01:01]} 45. Re2 {[%emt 0:00:00]} Nc5 {[%emt 0:07:28]} 46. Re7 {[%emt 0:00:00]} Kb6 {[%emt 0:00:15]} 47. Rxh7 {[%emt 0:00:00]} Kxa6 {[%emt 0:01:07]} 48. Kg5 {[%emt 0:00:00]} Ne6+ {[%emt 0:00:15]} 1/2-1/2

[Event "XIV American Continental-ch 2019"]
[Site "Sao Paulo"]
[Date "2019.07.13"]
[Round "11.8"]
[White "Santos, Marcus Vinicius More"]
[Black "Fier, Alexandr"]
[Result "0-1"]
[WhiteElo "2354"]
[BlackElo "2547"]
[Annotator "ChessBase"]
[PlyCount "86"]
[EventDate "2019.07.05"]
[EventType "swiss"]
[EventCountry "BRA"]
[SourceTitle "playchess.com"]
[Source "ChessBase"]
[SourceQuality "1"]
[TimeControl "40/5400+30:1800+30"]

1. d4 {[%emt 0:03:16]} Nf6 {[%emt 0:00:00]} 2. c4 {[%emt 0:00:09]} g6 {[%emt 0:00:00]} 3. Nc3 {[%emt 0:00:11]} d5 {[%emt 0:00:00]} 4. Bf4 {[%emt 0:00:26]} Bg7 {[%emt 0:00:00]} 5. e3 {[%emt 0:00:10]} c5 {[%emt 0:00:00]} 6. dxc5 {[%emt 0:00:16]} Qa5 {[%emt 0:00:00]} 7. Rc1 {[%emt 0:00:22]} Ne4 {[%emt 0:00:00]} 8. cxd5 {[%emt 0:00:18]} Nxc3 {[%emt 0:00:00]} 9. Qd2 {[%emt 0:00:10]} Qxa2 {[%emt 0:00:01]} 10. Rxc3 {[%emt 0:00:11]} O-O {[%emt 0:00:03]} 11. Bc4 {[%emt 0:08:42]} Qa1+ {[%emt 0:00:06]} 12. Rc1 {[%emt 0:02:10]} Qxb2 {[%emt 0:00:04]} 13. Qxb2 {[%emt 0:01:06]} Bxb2 {[%emt 0:00:04]} 14. Rb1 {[%emt 0:00:15]} Bc3+ {[%emt 0:00:05]} 15. Ke2 {[%emt 0:00:10]} Nd7 {[%emt 0:00:40]} 16. c6 {[%emt 0:23:35]} Nb6 {[%emt 0:00:34]} 17. Bd3 {[%emt 0:02:36]} Rd8 {[%emt 0:03:33]} 18. Nf3 {[%emt 0:05:16]} Rxd5 {[%emt 0:02:51]} 19. Rhc1 {[%emt 0:02:12]} Rc5 {[%emt 0:02:25]} 20. Rb3 {[%emt 0:08:34]} Bb4 {[%emt 0:00:06]} 21. Rd1 {[%emt 0:13:43]} a5 {[%emt 0:01:58]} 22. Be5 {[%emt 0:16:05]} Rxc6 {[%emt 0:03:34]} 23. Bb5 {[%emt 0:02:55]} Be6 {[%emt 0:00:08]} 24. Rbd3 {[%emt 0:00:13]} Rcc8 {[%emt 0:00:16]} 25. Bd4 {[%emt 0:02:45]} Bc4 {[%emt 0:00:22]} 26. Bxc4 {[%emt 0:00:27]} Nxc4 {[%emt 0:00:03]} 27. Ba1 {[%emt 0:00:38]} f6 {[%emt 0:02:17]} 28. g4 {[%emt 0:00:09]} Bd6 {[%emt 0:01:54]} 29. g5 {[%emt 0:00:23]} f5 {[%emt 0:00:06]} 30. h4 {[%emt 0:00:18]} b5 {[%emt 0:00:50]} 31. h5 {[%emt 0:00:35]} b4 {[%emt 0:02:32]} 32. hxg6 {[%emt 0:01:09]} hxg6 {[%emt 0:00:03]} 33. Rh1 {[%emt 0:00:09]} a4 {[%emt 0:00:05]} 34. Rh8+ {[%emt 0:00:51]} Kf7 {[%emt 0:00:03]} 35. Rh7+ {[%emt 0:00:08]} Ke6 {[%emt 0:00:52]} 36. Rg7 {[%emt 0:02:46]} Rg8 {[%emt 0:00:36]} 37. Nd4+ {[%emt 0:01:20]} Kd7 {[%emt 0:00:04]} 38. Rh7 {[%emt 0:00:15]} Rab8 {[%emt 0:01:02]} 39. Nf3 {[%emt 0:00:54]} b3 {[%emt 0:00:26]} 40. Bf6 {[%emt 0:02:57]} Rge8 {[%emt 0:00:44]} 41. Ne5+ {[%emt 0:09:49]} Nxe5 {[%emt 0:00:14]} 42. Bxe5 {[%emt 0:00:06]} Rb6 {[%emt 0:00:10]} 43. Bb2 {[%emt 0:02:48]} Ra8 {[%emt 0:01:07]} 0-1

[Event "XIV American Continental-ch 2019"]
[Site "Sao Paulo"]
[Date "2019.07.13"]
[Round "11.9"]
[White "Escalante Ramirez, Brian Sebasti"]
[Black "Hungaski, Robert"]
[Result "1/2-1/2"]
[WhiteElo "2447"]
[BlackElo "2488"]
[Annotator "ChessBase"]
[PlyCount "157"]
[EventDate "2019.07.05"]
[EventType "swiss"]
[EventCountry "BRA"]
[SourceTitle "playchess.com"]
[Source "ChessBase"]
[SourceQuality "1"]
[TimeControl "40/5400+30:1800+30"]

1. e4 {[%emt 0:01:55]} c6 {[%emt 0:04:16]} 2. d4 {[%emt 0:00:08]} d5 {[%emt 0:00:07]} 3. exd5 {[%emt 0:00:06]} cxd5 {[%emt 0:00:06]} 4. Bd3 {[%emt 0:00:05]} Nc6 {[%emt 0:00:49]} 5. c3 {[%emt 0:00:03]} Nf6 {[%emt 0:04:11]} 6. Bf4 {[%emt 0:00:03]} Bg4 {[%emt 0:00:18]} 7. Qb3 {[%emt 0:00:22]} Qd7 {[%emt 0:12:10]} 8. Nd2 {[%emt 0:01:13]} e6 {[%emt 0:00:07]} 9. Ngf3 {[%emt 0:01:50]} Bd6 {[%emt 0:03:47]} 10. Bxd6 {[%emt 0:17:18]} Qxd6 {[%emt 0:00:14]} 11. O-O {[%emt 0:06:48]} O-O {[%emt 0:02:41]} 12. Rae1 {[%emt 0:04:08]} Nd7 {[%emt 0:14:02]} 13. Qc2 {[%emt 0:05:28]} h6 {[%emt 0:07:04]} 14. Re3 {[%emt 0:06:21]} Rfc8 {[%emt 0:02:27]} 15. Qb1 {[%emt 0:01:52]} Bxf3 {[%emt 0:03:52]} 16. Rxf3 {[%emt 0:02:55]} e5 {[%emt 0:09:45]} 17. dxe5 {[%emt 0:02:13]} Ndxe5 {[%emt 0:05:46]} 18. Rg3 {[%emt 0:00:02]} Re8 {[%emt 0:02:39]} 19. Nb3 {[%emt 0:01:49]} Rad8 {[%emt 0:00:29]} 20. Rd1 {[%emt 0:00:38]} Qf6 {[%emt 0:01:59]} 21. Bf1 {[%emt 0:06:27]} h5 {[%emt 0:04:30]} 22. h3 {[%emt 0:01:07]} g6 {[%emt 0:05:00]} 23. Qc1 {[%emt 0:01:50]} Kg7 {[%emt 0:03:14]} 24. Rg5 {[%emt 0:18:09]} Rd6 {[%emt 0:01:36]} 25. Nd4 {[%emt 0:00:42]} Nxd4 {[%emt 0:02:12]} 26. Rxd4 {[%emt 0:00:01]} Red8 {[%emt 0:00:24]} 27. Rh4 {[%emt 0:06:21]} Kf8 {[%emt 0:03:04]} 28. Qe3 {[%emt 0:03:17]} Nc6 {[%emt 0:00:09]} 29. Rf4 {[%emt 0:03:23]} Qe7 {[%emt 0:00:53]} 30. Qg3 {[%emt 0:00:34]} Rf6 {[%emt 0:01:08]} 31. Bd3 {[%emt 0:03:44]} Rxf4 {[%emt 0:00:21]} 32. Qxf4 {[%emt 0:00:01]} Kg7 {[%emt 0:01:17]} 33. Qg3 {[%emt 0:00:53]} Qd6 {[%emt 0:02:02]} 34. Bb5 {[%emt 0:03:28]} Qxg3 {[%emt 0:00:34]} 35. Rxg3 {[%emt 0:00:01]} Ne5 {[%emt 0:00:27]} 36. Re3 {[%emt 0:00:23]} Kf6 {[%emt 0:00:05]} 37. Bf1 {[%emt 0:01:56]} d4 {[%emt 0:02:14]} 38. cxd4 {[%emt 0:00:12]} Rxd4 {[%emt 0:00:05]} 39. Re1 {[%emt 0:01:12]} Rd2 {[%emt 0:00:42]} 40. Rb1 {[%emt 0:00:21]} Nd3 {[%emt 0:01:59]} 41. Bxd3 {[%emt 0:30:38]} Rxd3 {[%emt 0:30:07]} 42. Kf1 {[%emt 0:00:00]} Rd2 {[%emt 0:00:00]} 43. a4 {[%emt 0:00:00]} b6 {[%emt 0:00:00]} 44. b3 {[%emt 0:00:00]} Ke6 {[%emt 0:00:00]} 45. Rc1 {[%emt 0:00:00]} Kd6 {[%emt 0:00:00]} 46. Rc3 {[%emt 0:00:00]} a5 {[%emt 0:00:00]} 47. Rf3 {[%emt 0:00:00]} Ke7 {[%emt 0:00:00]} 48. Re3+ {[%emt 0:00:00]} Kd7 {[%emt 0:00:00]} 49. Rf3 {[%emt 0:00:00]} f5 {[%emt 0:00:00]} 50. Rg3 {[%emt 0:00:00]} Rb2 {[%emt 0:00:00]} 51. h4 {[%emt 0:00:00]} f4 {[%emt 0:00:00]} 52. Rxg6 {[%emt 0:00:00]} Rxb3 {[%emt 0:00:00]} 53. g4 {[%emt 0:00:00]} f3 {[%emt 0:00:00]} 54. Ke1 {[%emt 0:00:00]} Rb4 {[%emt 0:00:00]} 55. gxh5 {[%emt 0:00:00]} Kc7 {[%emt 0:00:00]} 56. Rg7+ {[%emt 0:00:46]} Kc6 {[%emt 0:00:00]} 57. Rg6+ {[%emt 0:00:02]} Kb7 {[%emt 0:00:00]} 58. Rg7+ {[%emt 0:00:51]} Ka6 {[%emt 0:00:00]} 59. h6 {[%emt 0:00:06]} Rxa4 {[%emt 0:00:00]} 60. h5 {[%emt 0:02:02]} Re4+ {[%emt 0:00:00]} 61. Kd2 {[%emt 0:00:10]} Re5 {[%emt 0:00:00]} 62. h7 {[%emt 0:01:35]} Rxh5 {[%emt 0:00:05]} 63. Kc3 {[%emt 0:02:28]} Rh4 {[%emt 0:05:57]} 64. Rf7 {[%emt 0:00:23]} Rh5 {[%emt 0:02:18]} 65. Kd3 {[%emt 0:01:22]} a4 {[%emt 0:01:16]} 66. Kc3 {[%emt 0:01:48]} b5 {[%emt 0:01:30]} 67. Kb4 {[%emt 0:00:44]} Rh4+ {[%emt 0:00:08]} 68. Kc5 {[%emt 0:01:13]} Rc4+ {[%emt 0:01:32]} 69. Kd5 {[%emt 0:00:09]} Rc8 {[%emt 0:01:26]} 70. Rxf3 {[%emt 0:00:27]} b4 {[%emt 0:00:53]} 71. Rg3 {[%emt 0:00:28]} Rh8 {[%emt 0:00:55]} 72. Kc4 {[%emt 0:00:18]} b3 {[%emt 0:00:31]} 73. Kb4 {[%emt 0:01:01]} b2 {[%emt 0:00:31]} 74. Rg1 {[%emt 0:00:02]} Rxh7 {[%emt 0:00:27]} 75. Kxa4 {[%emt 0:00:03]} Rf7 {[%emt 0:00:26]} 76. Rb1 {[%emt 0:00:05]} Rxf2 {[%emt 0:00:08]} 77. Kb3 {[%emt 0:00:03]} Kb5 {[%emt 0:00:04]} 78. Rxb2 {[%emt 0:00:04]} Rxb2+ {[%emt 0:00:06]} 79. Kxb2 {[%emt 0:00:04]} 1/2-1/2

[Event "XIV American Continental-ch 2019"]
[Site "Sao Paulo"]
[Date "2019.07.13"]
[Round "11.10"]
[White "Hambleton, Aman"]
[Black "Quintiliano Pinto, Renato R."]
[Result "1-0"]
[WhiteElo "2487"]
[BlackElo "2443"]
[Annotator "ChessBase"]
[PlyCount "43"]
[EventDate "2019.07.05"]
[EventType "swiss"]
[EventCountry "BRA"]
[SourceTitle "playchess.com"]
[Source "ChessBase"]
[SourceQuality "1"]
[TimeControl "40/5400+30:1800+30"]

1. c4 {[%emt 0:00:00]} e6 {[%emt 0:07:02]} 2. d4 {[%emt 0:00:43]} Nf6 {[%emt 0:02:20]} 3. Nc3 {[%emt 0:01:38]} Bb4 {[%emt 0:00:05]} 4. Qc2 {[%emt 0:04:23]} c5 {[%emt 0:04:11]} 5. dxc5 {[%emt 0:00:58]} O-O {[%emt 0:00:26]} 6. a3 {[%emt 0:02:13]} Bxc5 {[%emt 0:00:38]} 7. Nf3 {[%emt 0:00:59]} Qb6 {[%emt 0:02:31]} 8. e4 {[%emt 0:08:25]} Ng4 {[%emt 0:16:22]} 9. Na4 {[%emt 0:02:11]} Qa5+ {[%emt 0:04:19]} 10. b4 {[%emt 0:32:13]} Bxf2+ {[%emt 0:00:11]} 11. Qxf2 {[%emt 0:00:52]} Qxa4 {[%emt 0:00:06]} 12. Qg3 {[%emt 0:00:40]} f5 {[%emt 0:13:24]} 13. exf5 {[%emt 0:05:26]} exf5 {[%emt 0:01:46]} 14. Bd3 {[%emt 0:03:10]} d5 {[%emt 0:13:42]} 15. O-O {[%emt 0:09:37]} Qb3 {[%emt 0:01:08]} 16. Bb1 {[%emt 0:00:46]} Qc3 {[%emt 0:09:06]} 17. Ra2 {[%emt 0:01:43]} dxc4 {[%emt 0:00:46]} 18. h3 {[%emt 0:02:15]} Nf6 {[%emt 0:04:13]} 19. Re2 {[%emt 0:04:39]} Nc6 {[%emt 0:13:01]} 20. Bb2 {[%emt 0:09:02]} Nd4 {[%emt 0:00:18]} 21. Re7 {[%emt 0:00:59]} Nxf3+ {[%emt 0:02:10]} 22. Rxf3 {[%emt 0:00:41]} 1-0

[Event "XIV American Continental-ch 2019"]
[Site "Sao Paulo"]
[Date "2019.07.13"]
[Round "11.11"]
[White "Santiago, Yago De Moura"]
[Black "Cadilhac, Igor Tokuichi Kikuch"]
[Result "1-0"]
[WhiteElo "2473"]
[BlackElo "2291"]
[Annotator "ChessBase"]
[PlyCount "79"]
[EventDate "2019.07.05"]
[EventType "swiss"]
[EventCountry "BRA"]
[SourceTitle "playchess.com"]
[Source "ChessBase"]
[SourceQuality "1"]
[TimeControl "40/5400+30:1800+30"]

1. c4 {[%emt 0:05:36]} e6 {[%emt 0:00:33]} 2. g3 {[%emt 0:00:18]} Nf6 {[%emt 0:01:31]} 3. Bg2 {[%emt 0:00:10]} c5 {[%emt 0:03:43]} 4. Nf3 {[%emt 0:00:19]} Nc6 {[%emt 0:00:04]} 5. O-O {[%emt 0:00:12]} d5 {[%emt 0:00:11]} 6. cxd5 {[%emt 0:02:14]} exd5 {[%emt 0:00:25]} 7. d4 {[%emt 0:00:11]} Bg4 {[%emt 0:01:32]} 8. Ne5 {[%emt 0:06:53]} Be6 {[%emt 0:09:05]} 9. Nxc6 {[%emt 0:01:03]} bxc6 {[%emt 0:01:20]} 10. dxc5 {[%emt 0:00:13]} Bxc5 {[%emt 0:00:15]} 11. Nc3 {[%emt 0:00:07]} O-O {[%emt 0:01:19]} 12. Na4 {[%emt 0:00:11]} Be7 {[%emt 0:08:43]} 13. Be3 {[%emt 0:01:18]} Qa5 {[%emt 0:01:45]} 14. Rc1 {[%emt 0:03:11]} Rac8 {[%emt 0:02:22]} 15. Bc5 {[%emt 0:04:06]} Rfe8 {[%emt 0:07:08]} 16. a3 Nd7 17. Bxe7 {[%emt 0:12:56]} Rxe7 {[%emt 0:00:32]} 18. Re1 {[%emt 0:04:18]} Nb6 {[%emt 0:04:07]} 19. Nc5 {[%emt 0:01:37]} Nc4 {[%emt 0:01:30]} 20. Qd4 {[%emt 0:01:45]} f5 {[%emt 0:24:44]} 21. b3 {[%emt 0:05:04]} Nd6 {[%emt 0:06:39]} 22. Qe5 {[%emt 0:20:02]} Nf7 {[%emt 0:01:23]} 23. Qf4 {[%emt 0:00:15]} g6 {[%emt 0:02:14]} 24. b4 {[%emt 0:01:25]} Qd8 {[%emt 0:01:14]} 25. Red1 {[%emt 0:10:00]} Qe8 26. Nb3 Bd7 {[%emt 0:06:33]} 27. Nd4 {[%emt 0:02:10]} Nd8 {[%emt 0:04:03]} 28. Rc5 {[%emt 0:01:10]} Ne6 {[%emt 0:06:09]} 29. Nxe6 {[%emt 0:00:07]} Rxe6 30. e3 {[%emt 0:00:11]} a6 {[%emt 0:00:36]} 31. Rdc1 {[%emt 0:00:40]} Ra8 {[%emt 0:00:21]} 32. Qd4 {[%emt 0:00:22]} h6 {[%emt 0:02:51]} 33. a4 {[%emt 0:00:52]} Kh7 {[%emt 0:01:01]} 34. b5 {[%emt 0:00:08]} axb5 {[%emt 0:00:33]} 35. axb5 {[%emt 0:00:02]} cxb5 {[%emt 0:01:22]} 36. Rxd5 {[%emt 0:01:23]} Rd8 {[%emt 0:00:15]} 37. Rc7 {[%emt 0:00:30]} Re7 {[%emt 0:00:01]} 38. Bf1 {[%emt 0:00:34]} Qf7 {[%emt 0:02:17]} 39. Bxb5 {[%emt 0:00:44]} Rb8 {[%emt 0:00:18]} 40. Rdxd7 {[%emt 0:00:15]} 1-0

[Event "XIV American Continental-ch 2019"]
[Site "Sao Paulo"]
[Date "2019.07.13"]
[Round "11.12"]
[White "Leitao, Rafael"]
[Black "Bittencourt, Jorge"]
[Result "1/2-1/2"]
[WhiteElo "2616"]
[BlackElo "2433"]
[Annotator "TA"]
[PlyCount "113"]
[EventDate "2019.07.05"]
[EventType "swiss"]
[EventCountry "BRA"]
[SourceTitle "playchess.com"]
[Source "ChessBase"]
[SourceQuality "1"]

{[%evp 13,113,19,23,21,39,11,37,23,31,31,35,32,34,34,31,29,29,25,31,0,0,0,15,-2,8,-7,0,-7,-9,-11,-7,-13,-7,-12,0,0,8,0,0,-8,0,-7,0,-6,-8,-7,-8,-11,0,0,0,0,0,0,25,0,136,129,189,186,172,124,122,136,128,33,66,11,20,0,85,94,73,75,122,127,128,128,155,130,129,115,159,173,462,455,481,479,862,870,870,850,808,734,561,409,747,716,1033,954,872,806]} 1. d4 Nf6 2. c4 e6 3. Nc3 d5 4. cxd5 exd5 5. Bg5 Be7 6. e3 c6 7. Bd3 Nbd7 8. h3 {D35: Queen's Gambit Declined: Exchange Variation} Nf8 9. Bf4 (9. Qc2 Ne6 10. Bh4 g6 11. Nge2 Ng7 12. f3 O-O 13. O-O-O b5 14. g4 a5 15. Nf4 a4 {1-0 (60) So,W (2762)-Lenderman,A (2637) Saint Louis 2019}) 9... Ng6 (9... Ne6 {is more complex.} 10. Be5 g6 11. Nf3 O-O 12. O-O Ng7) 10. Bh2 {White is slightly better.} Bd6 11. Bxd6 Qxd6 12. Qc2 $146 ({Predecessor:} 12. Nf3 O-O 13. Qc2 Re8 14. O-O-O Be6 15. Kb1 b6 16. Ng5 Bd7 17. h4 Nf8 18. e4 dxe4 19. Ncxe4 Nxe4 20. Bxe4 g6 21. d5 c5 22. Bd3 h5 {½-½ (51) Bauer,C (2650)-Maze,S (2612) Agen 2017}) 12... Bd7 13. Nf3 Qe7 14. O-O-O O-O-O 15. Kb1 Kb8 16. Nd2 Ne8 17. Nb3 Nd6 18. Rhe1 f5 19. f3 Rhe8 20. Ka1 Qg5 21. Qf2 Qh4 22. g3 Qf6 23. Nc5 Ne7 {[%cal Bg6e7,Be7c8,Bc8b6,Bb6c4][%mdl 32]} 24. h4 Nec8 25. Bc2 Nb6 26. Nd3 Nbc4 27. Re2 Be6 28. b3 Nb6 29. Kb1 Bf7 30. Rg1 Re7 31. g4 fxg4 32. Rxg4 Bh5 33. Rf4 Qe6 34. Qg3 Ka8 (34... Qg6 $11 35. Qh2 Qh6) 35. Qg5 $1 $16 {Threatens to win with Nc5.} Bg6 {[#]} (35... g6 $16) 36. Nc5 $1 $36 {[%cal Rc5e6][%mdl 2048] White is really pushing.} Bxc2+ 37. Kxc2 Qg6+ 38. Qxg6 hxg6 39. Kd3 (39. e4 $16) 39... Nf5 40. Nd1 ({White should play} 40. Rg2 $14) 40... Rh8 $11 41. Rh2 Nd7 (41... Nc8 $11) 42. Nxd7 $16 Rxd7 {[#]} 43. Nf2 $1 Kb8 44. Ng4 Re7 45. Ne5 Re6 46. Nxg6 {[%mdl 64] Remove Defender} Rxg6 ({But not} 46... Rxe3+ $2 47. Kd2 $18) 47. Rxf5 {[%mdl 4096] Endgame KRR-KRR} Rg3 48. Ke2 g5 $2 (48... Rg6 49. Rf7 Rg1) 49. h5 $18 {Hoping for Kf2.} g4 50. Kf2 Rxf3+ (50... Rh3 $142 51. Rxh3 gxh3) 51. Rxf3 gxf3 52. Kxf3 {KR-KR} Kc7 53. h6 Kd6 54. h7 Ke6 (54... Ke7 $142 55. Kf4 Kf6 56. Rh6+ Kg7) 55. e4 {White is clearly winning.} dxe4+ 56. Kxe4 Kf6 57. d5 {[%mdl 32768] Accuracy: White = 55%, Black = 43%. . An unexpected result.} 1/2-1/2

[Event "XIV American Continental-ch 2019"]
[Site "Sao Paulo"]
[Date "2019.07.13"]
[Round "11.13"]
[White "Lima, Darcy"]
[Black "Umetsubo, Cesar Hidemitsu"]
[Result "1-0"]
[WhiteElo "2543"]
[BlackElo "2406"]
[Annotator "ChessBase"]
[PlyCount "101"]
[EventDate "2019.07.05"]
[EventType "swiss"]
[EventCountry "BRA"]
[SourceTitle "playchess.com"]
[Source "ChessBase"]
[SourceQuality "1"]
[TimeControl "40/5400+30:1800+30"]

1. d4 {[%emt 0:07:58]} Nf6 2. c4 {[%emt 0:00:10]} e6 {[%emt 0:00:01]} 3. Nf3 {[%emt 0:01:17]} b6 {[%emt 0:00:07]} 4. Bf4 {[%emt 0:00:15]} Bb7 {[%emt 0:02:31]} 5. e3 {[%emt 0:01:30]} Be7 {[%emt 0:02:59]} 6. Nc3 {[%emt 0:01:07]} Nh5 {[%emt 0:02:37]} 7. Bg3 {[%emt 0:00:33]} Nxg3 {[%emt 0:06:20]} 8. hxg3 {[%emt 0:00:05]} d5 {[%emt 0:02:35]} 9. cxd5 {[%emt 0:03:27]} exd5 {[%emt 0:01:01]} 10. Ne5 {[%emt 0:00:25]} c6 {[%emt 0:07:51]} 11. Qh5 {[%emt 0:14:38]} g6 {[%emt 0:01:05]} 12. Qh6 {[%emt 0:00:05]} Bg5 {[%emt 0:19:22]} 13. Qg7 {[%emt 0:05:06]} Qf6 {[%emt 0:00:38]} 14. Rxh7 {[%emt 0:00:45]} Qxg7 {[%emt 0:00:09]} 15. Rxg7 {[%emt 0:00:04]} Ba6 {[%emt 0:00:10]} 16. Nxf7 {[%emt 0:41:00]} Kf8 {[%emt 0:03:04]} 17. Nxg5 {[%emt 0:03:28]} Kxg7 {[%emt 0:00:20]} 18. Bxa6 {[%emt 0:01:07]} Nxa6 {[%emt 0:00:07]} 19. Ke2 {[%emt 0:00:23]} Rh5 {[%emt 0:12:27]} 20. Nf3 {[%emt 0:02:58]} Rah8 {[%emt 0:00:22]} 21. Ne5 {[%emt 0:01:01]} Nb8 {[%emt 0:01:09]} 22. Rc1 {[%emt 0:00:45]} Rh1 {[%emt 0:00:18]} 23. Rc2 {[%emt 0:00:43]} Ra1 {[%emt 0:03:00]} 24. g4 {[%emt 0:03:11]} Rhh1 {[%emt 0:06:06]} 25. g5 {[%emt 0:00:25]} Rhc1 {[%emt 0:02:45]} 26. Rd2 {[%emt 0:00:58]} b5 {[%emt 0:00:36]} 27. a3 {[%emt 0:01:29]} a5 {[%emt 0:00:15]} 28. Nd3 {[%emt 0:00:56]} Rg1 {[%emt 0:02:05]} 29. g3 {[%emt 0:01:35]} Na6 {[%emt 0:03:50]} 30. Rc2 {[%emt 0:03:16]} Nc7 {[%emt 0:04:38]} 31. Ne5 {[%emt 0:01:12]} b4 {[%emt 0:02:58]} 32. Na4 {[%emt 0:00:04]} Rge1+ {[%emt 0:01:38]} 33. Kf3 {[%emt 0:00:16]} Rec1 {[%emt 0:01:03]} 34. Rxc1 {[%emt 0:01:00]} Rxc1 {[%emt 0:00:02]} 35. axb4 {[%emt 0:00:03]} axb4 {[%emt 0:00:18]} 36. Nc5 {[%emt 0:00:03]} b3 {[%emt 0:07:35]} 37. Nxb3 {[%emt 0:00:17]} Rc2 {[%emt 0:00:06]} 38. Nc5 {[%emt 0:00:07]} Rxb2 {[%emt 0:00:19]} 39. Nxc6 {[%emt 0:00:05]} Nb5 {[%emt 0:00:37]} 40. Ne5 {[%emt 0:02:08]} Nc7 {[%emt 0:01:56]} 41. Ng4 {[%emt 0:06:16]} Rb8 {[%emt 0:06:36]} 42. Kf4 {[%emt 0:00:43]} Re8 {[%emt 0:00:23]} 43. Nf6 {[%emt 0:00:43]} Re7 {[%emt 0:00:36]} 44. Kg4 {[%emt 0:00:52]} Rf7 {[%emt 0:00:33]} 45. Nd3 {[%emt 0:05:21]} Rf8 {[%emt 0:03:32]} 46. Nf4 {[%emt 0:01:54]} Rd8 {[%emt 0:00:22]} 47. N6xd5 {[%emt 0:01:49]} Rxd5 {[%emt 0:00:25]} 48. Nxd5 {[%emt 0:00:05]} Nxd5 {[%emt 0:00:03]} 49. e4 {[%emt 0:00:04]} Nc3 {[%emt 0:01:02]} 50. Kf4 {[%emt 0:00:17]} Kf7 {[%emt 0:00:20]} 51. Ke5 {[%emt 0:00:13]} 1-0